|
|
|
|
| LEADER |
00000cam a2200000 7i4500 |
| 001 |
0000000431 |
| 005 |
20040521.0 |
| 020 |
0 |
0 |
|a 9679990605
|
| 090 |
0 |
0 |
|a R582.160095951
|b COR 1997
|
| 100 |
1 |
0 |
|a CORNER
|h E. J. H. [
|q Edred John Henry]
|
| 245 |
1 |
0 |
|a Wayside trees of Malaya in two volumes
|c E. J. H. Corner
|
| 250 |
0 |
0 |
|a 4th ed.
|
| 260 |
0 |
0 |
|a Kuala Lumpur :
|b Persatuan Pencinta Alam ,
|c 1997
|
| 300 |
|
|
|a 2 v. :
|b ill., plates ;
|c 24 cm.
|
| 500 |
0 |
0 |
|a Includes bibliographical references and index
|
| 650 |
0 |
0 |
|a Botany
|z Malaysia
|
| 650 |
0 |
0 |
|a Roadside flora
|z Malaya
|
| 650 |
0 |
0 |
|a Trees
|z Malaya
|
| 999 |
|
|
|a 0000001559
|b Monograph
|c Reference
|e Default branch
|
| 999 |
|
|
|a 0000001560
|b Monograph
|c Reference
|e Default branch
|